00656cam a22002657a 4500003000500000005001700005008004100022010000900063011001000072035000900082040000900091082001900100110000800119245004600127260002300173300001000196410000800206490003800214650003600252650002000288700001800308700001800326810000800344830003800352CHAP20220817041243.0971013s1993 r 00010 d a9700 a10672 a9910 cCHAP a630bF3f v.1032 aFAO 0aLes banques ua service de l'environnement aRome :bFAO,c1993 a87 p. aFAO 0aFAO. Servicios agrícolasv; 10314aBancos y operaciones bancarias.14aMedio ambiente.0 aBarker, D. C.0 aGudger, W. M.0 aFAO00aFAO. Servicios agrícolasv; 103